00722nam a22002297a 450000500170000001000110001702000100002803500110003803700160004904000120006508200110007710000240008824500390011226000320015127000340018330000200021765000330023765000270027094200200029799900190031795201560033620170124110120.0 a871430 c00.00 a871430 bCen Lib/Ret aDPLbEN aSbJOH aJohns, W.E. 972379 aThe boy biggles /cby W.E. Johns  bDean & Sons c1968aLondon  bLondon a52/54 southwark st.  a182p.c17cm(Hb) aLiterature -- fiction972380 aEnglish stories926733 2ddccENhSmJOH c130964d130964 04104070aLbLd2015-07-11eCen Lib/Retg0.00l0oS JOHp871430r2015-07-11 00:00:00t1v0.00w2015-07-11yENzW/d List No. 6858/12 ; dtd 04/08/2020